[Event "Campeonato España Sub 18"]
[Site "Salobreña"]
[Date "2017.07.31"]
[Round "1"]
[White "Henderson de La Fuente, Andrea"]
[Black "Santos Ruiz, Miguel"]
[Result "0-1"]
[Board "1"]
[WhiteClock "n/a"]
[WhiteElo "2031"]
[WhiteCountry "ESP"]
[WhiteFideId "32096577"]
[WhiteEloChange "-2"]
[BlackClock "n/a"]
[BlackTitle "IM"]
[BlackElo "2469"]
[BlackCountry "ESP"]
[BlackFideId "22291482"]
[BlackEloChange "1"]

1. e4 {[%clk 1:30:30]} c5 {[%clk 1:30:30]} 2. Nf3 {[%clk 1:30:30]} d6 {[%clk
1:30:30]} 3. c3 {[%clk 1:30:30]} Nf6 {[%clk 1:30:30]} 4. Bd3 {[%clk 1:30:30]} g6
{[%clk 1:30:30]} 5. Bc2 {[%clk 1:30:30]} Bg7 {[%clk 1:30:30]} 6. d4 {[%clk
1:30:30]} cxd4 {[%clk 1:30:30]} 7. cxd4 {[%clk 1:30:30]} O-O {[%clk 1:30:30]} 8.
h3 {[%clk 1:30:30]} Nc6 {[%clk 1:30:30]} 9. Nc3 {[%clk 1:30:30]} Qb6 {[%clk
1:30:30]} 10. O-O {[%clk 1:30:30]} Bd7 {[%clk 1:30:30]} 11. Be3 {[%clk 1:30:30]}
Qxb2 {[%clk 1:30:30]} 12. Na4 {[%clk 1:30:30]} Qb5 {[%clk 1:30:30]} 13. Rb1
{[%clk 1:30:30]} Qa6 {[%clk 1:30:30]} 14. Nc3 {[%clk 1:30:30]} b6 {[%clk
1:30:30]} 15. Bd3 {[%clk 1:30:30]} Qb7 {[%clk 1:30:30]} 16. Qe2 {[%clk 1:30:30]}
e5 {[%clk 1:30:30]} 17. Nb5 {[%clk 1:30:30]} Qb8 {[%clk 1:30:30]} 18. Rfc1 {[%clk
1:30:30]} Rc8 {[%clk 1:30:30]} 19. d5 {[%clk 1:30:30]} Na5 {[%clk 1:30:30]} 20.
Rxc8+ {[%clk 1:30:30]} Bxc8 {[%clk 1:30:30]} 21. Rc1 {[%clk 1:30:30]} Ne8 {[%clk
1:30:30]} 22. Nd2 {[%clk 1:30:30]} Bd7 {[%clk 1:30:30]} 23. a4 {[%clk 1:30:30]}
Nb7 {[%clk 1:30:30]} 24. Nc4 {[%clk 1:30:30]} Nc5 {[%clk 1:30:30]} 25. Bc2 {[%clk
1:30:30]} a6 {[%clk 1:30:30]} 26. Nc3 {[%clk 1:30:30]} Qc7 {[%clk 1:30:30]} 27.
a5 {[%clk 1:30:30]} bxa5 {[%clk 1:30:30]} 28. Ra1 {[%clk 1:30:30]} Bb5 {[%clk
1:30:30]} 29. Bxc5 {[%clk 1:30:30]} Qxc5 {[%clk 1:30:30]} 30. Nxb5 {[%clk
1:30:30]} axb5 {[%clk 1:30:30]} 31. Rxa5 {[%clk 1:30:30]} Ra7 {[%clk 1:30:30]}
32. Rxa7 {[%clk 1:30:30]} Qxa7 {[%clk 1:30:30]} 33. Ne3 {[%clk 1:30:30]} Nc7
{[%clk 1:30:30]} 34. Bd3 {[%clk 1:30:30]} Qa5 {[%clk 1:30:30]} 35. Kh2 {[%clk
1:30:30]} Bh6 {[%clk 1:30:30]} 36. Ng4 {[%clk 1:30:30]} Bg5 {[%clk 1:30:30]} 37.
g3 {[%clk 1:30:30]} h5 {[%clk 1:30:30]} 38. Ne3 {[%clk 1:30:30]} Bxe3 {[%clk
1:30:30]} 39. Qxe3 {[%clk 1:30:30]} Kg7 {[%clk 1:30:30]} 40. Qe2 {[%clk 1:30:30]}
Qb6 {[%clk 1:30:30]} 41. Kg2 {[%clk 1:30:30]} b4 {[%clk 1:30:30]} 42. Qb2 {[%clk
1:30:30]} Qc5 {[%clk 1:30:30]} 43. Kf3 {[%clk 1:30:30]} Na8 {[%clk 1:30:30]} 44.
Ke2 {[%clk 1:30:30]} Nb6 {[%clk 1:30:30]} 45. Qb3 {[%clk 1:30:30]} Qd4 {[%clk
1:30:30]} 46. Kf3 {[%clk 1:30:30]} Nd7 {[%clk 1:30:30]} 47. Bb1 {[%clk 1:30:30]}
Nc5 {[%clk 1:30:30]} 48. Qc2 {[%clk 1:30:30]} b3 {[%clk 1:30:30]} 49. Qe2 {[%clk
1:30:30]} Na4 {[%clk 1:30:30]} 50. Kg2 {[%clk 1:30:30]} Nc3 {[%clk 1:30:30]} 51.
Qe1 {[%clk 1:30:30]} Nxb1 {[%clk 1:30:30]} 52. Qxb1 {[%clk 1:30:30]} b2 {[%clk
1:30:30]} 0-1

[Event "Campeonato España Sub 18"]
[Site "Salobreña"]
[Date "2017.07.31"]
[Round "1"]
[White "Garcia Martin, Marta"]
[Black "Puga Sanchez, Miguel"]
[Result "1-0"]
[Board "2"]
[WhiteClock "1:30"]
[WhiteTitle "FM"]
[WhiteElo "2435"]
[WhiteCountry "ESP"]
[WhiteFideId "32084030"]
[WhiteEloChange "1"]
[BlackClock "1:30"]
[BlackElo "2030"]
[BlackCountry "ESP"]
[BlackFideId "22275096"]
[BlackEloChange "-2"]

1. e4 {[%clk 1:30:00]} c5 {[%clk 1:30:00]} 2. Nf3 {[%clk 1:31:00]} d6 {[%clk
1:30:00]} 3. d4 {[%clk 1:31:00]} cxd4 {[%clk 1:31:00]} 4. Nxd4 {[%clk 1:32:00]}
Nf6 {[%clk 1:31:00]} 5. Nc3 {[%clk 1:32:00]} a6 {[%clk 1:31:00]} 6. h3 {[%clk
1:32:00]} e6 {[%clk 1:29:00]} 7. g4 {[%clk 1:32:00]} d5 {[%clk 1:29:00]} 8. Nde2
{[%clk 1:29:00]} Bc5 {[%clk 1:11:00]} 9. exd5 {[%clk 1:19:00]} Qb6 {[%clk
1:06:00]} 10. Be3 {[%clk 1:19:00]} Bxe3 {[%clk 1:02:00]} 11. fxe3 {[%clk
1:19:00]} Qxe3 {[%clk 0:55:00]} 12. Bg2 {[%clk 1:10:00]} h5 {[%clk 0:33:00]} 13.
Qd4 {[%clk 0:54:00]} Qg5 {[%clk 0:19:52]} 14. dxe6 {[%clk 0:36:00]} fxe6 {[%clk
0:16:47]} 15. Qf4 {[%clk 0:33:00]} Qh4+ {[%clk 0:13:04]} 16. Kd2 {[%clk 0:26:00]}
Bd7 {[%clk 0:06:53]} 17. Bxb7 {[%clk 0:23:00]} O-O {[%clk 0:04:05]} 18. Bxa8
{[%clk 0:21:00]} Nc6 {[%clk 0:00:55]} 19. g5 {[%clk 0:19:29]} Qxf4+ {[%clk
0:00:46]} 20. Nxf4 {[%clk 0:19:53]} Nh7 {[%clk 0:00:38]} 21. Bxc6 {[%clk
0:19:20]} Bxc6 {[%clk 0:00:49]} 22. Rhf1 {[%clk 0:19:38]} Nxg5 {[%clk 0:00:34]}
23. Ke3 {[%clk 0:19:38]} 1-0

[Event "Campeonato España Sub 18"]
[Site "Salobreña"]
[Date "2017.07.31"]
[Round "1"]
[White "Redondo Benavente, Ana"]
[Black "Portela Peleteiro, Alberto"]
[Result "0-1"]
[Board "3"]
[WhiteClock "1:30"]
[WhiteTitle "WFM"]
[WhiteElo "2026"]
[WhiteCountry "ESP"]
[WhiteFideId "32021674"]
[WhiteEloChange "-2"]
[BlackClock "1:30"]
[BlackTitle "FM"]
[BlackElo "2398"]
[BlackCountry "ESP"]
[BlackFideId "22276106"]
[BlackEloChange "2"]

1. e4 {[%clk 1:30:00]} c5 {[%clk 1:30:00]} 2. Nf3 {[%clk 1:29:00]} e6 {[%clk
1:31:00]} 3. c3 {[%clk 1:30:00]} Nf6 {[%clk 1:31:00]} 4. e5 {[%clk 1:30:00]} Nd5
{[%clk 1:31:00]} 5. d4 {[%clk 1:30:00]} cxd4 {[%clk 1:31:00]} 6. cxd4 {[%clk
1:30:00]} b6 {[%clk 1:32:00]} 7. Bc4 {[%clk 1:30:00]} Ba6 {[%clk 1:31:00]} 8. b3
{[%clk 1:29:00]} Nc7 {[%clk 1:21:00]} 9. O-O {[%clk 1:22:00]} d5 {[%clk 1:16:00]}
10. exd6 {[%clk 1:12:00]} Bxd6 {[%clk 1:17:00]} 11. Ba3 {[%clk 1:12:00]} Bxa3
{[%clk 1:10:00]} 12. Nxa3 {[%clk 1:12:00]} O-O {[%clk 1:10:00]} 13. Bxa6 {[%clk
0:58:00]} Nbxa6 {[%clk 1:09:00]} 14. Nc4 {[%clk 0:58:00]} Nd5 {[%clk 1:08:00]}
15. Qd2 {[%clk 0:55:00]} Rc8 {[%clk 1:05:00]} 16. Rac1 {[%clk 0:54:00]} Qe7
{[%clk 0:55:00]} 17. a4 {[%clk 0:36:00]} Nab4 {[%clk 0:54:00]} 18. Nce5 {[%clk
0:35:00]} a6 {[%clk 0:45:00]} 19. Nd3 {[%clk 0:31:00]} Nc6 {[%clk 0:37:00]} 20.
Nf4 {[%clk 0:21:00]} Nxf4 {[%clk 0:26:00]} 21. Qxf4 {[%clk 0:21:00]} Na5 {[%clk
0:26:00]} 22. Rxc8 {[%clk 0:12:35]} Rxc8 {[%clk 0:26:00]} 23. Rc1 {[%clk
0:13:03]} Qe8 {[%clk 0:19:43]} 24. b4 {[%clk 0:07:42]} Nc4 {[%clk 0:15:00]} 25.
Nd2 {[%clk 0:06:57]} Nb2 {[%clk 0:14:14]} 26. Ne4 {[%clk 0:05:39]} Nd3 {[%clk
0:08:35]} 27. Rxc8 {[%clk 0:04:33]} Qxc8 {[%clk 0:09:04]} 28. Qd2 {[%clk
0:04:44]} Nxb4 {[%clk 0:08:38]} 29. h3 {[%clk 0:04:11]} Nd5 {[%clk 0:08:22]} 30.
a5 {[%clk 0:03:50]} bxa5 {[%clk 0:08:07]} 31. Qxa5 {[%clk 0:03:35]} Qc1+ {[%clk
0:08:27]} 32. Kh2 {[%clk 0:03:59]} Qc7+ {[%clk 0:08:51]} 33. Qxc7 {[%clk
0:04:16]} Nxc7 {[%clk 0:09:19]} 34. Nc5 {[%clk 0:03:49]} a5 {[%clk 0:09:37]} 35.
Kg3 {[%clk 0:04:14]} Nb5 {[%clk 0:10:07]} 36. Kf4 {[%clk 0:02:53]} Nxd4 {[%clk
0:10:30]} 37. Ke4 {[%clk 0:03:04]} Nc6 {[%clk 0:10:54]} 38. Kd3 {[%clk 0:03:15]}
g5 {[%clk 0:06:20]} 39. Kc4 {[%clk 0:03:33]} Kg7 {[%clk 0:06:45]} 40. Kb5 {[%clk
0:02:15]} Nd4+ {[%clk 0:07:07]} 41. Kxa5 {[%clk 0:02:42]} Ne2 {[%clk 0:07:35]}
42. Ne4 {[%clk 0:01:54]} Kg6 {[%clk 0:07:45]} 43. g3 {[%clk 0:01:59]} Ng1 {[%clk
0:08:02]} 44. Kb4 {[%clk 0:02:01]} Nxh3 {[%clk 0:08:25]} 45. f3 {[%clk 0:02:00]}
Ng1 {[%clk 0:08:34]} 46. Nd2 {[%clk 0:02:24]} h5 {[%clk 0:08:56]} 47. Kc3 {[%clk
0:01:25]} h4 {[%clk 0:09:19]} 48. Kd3 {[%clk 0:01:41]} h3 {[%clk 0:09:42]} 49.
Nf1 {[%clk 0:01:53]} Nxf3 {[%clk 0:10:07]} 50. Ke4 {[%clk 0:02:01]} Nd2+ {[%clk
0:10:05]} 51. Nxd2 {[%clk 0:02:09]} h2 {[%clk 0:10:05]} 0-1

[Event "Campeonato España Sub 18"]
[Site "Salobreña"]
[Date "2017.07.31"]
[Round "1"]
[White "Perez Garcia, Alejandro"]
[Black "Aliane Diez, Aaron"]
[Result "1-0"]
[Board "4"]
[WhiteClock "1:30"]
[WhiteTitle "IM"]
[WhiteElo "2358"]
[WhiteCountry "ESP"]
[WhiteFideId "32041543"]
[WhiteEloChange "3"]
[BlackClock "1:30"]
[BlackElo "2024"]
[BlackCountry "ESP"]
[BlackFideId "22253807"]
[BlackEloChange "-3"]

1. Nf3 {[%clk 1:30:00]} d5 {[%clk 1:30:00]} 2. g3 {[%clk 1:31:00]} e6 {[%clk
1:30:00]} 3. Bg2 {[%clk 1:30:00]} Nf6 {[%clk 1:30:00]} 4. O-O {[%clk 1:30:00]}
Be7 {[%clk 1:29:00]} 5. c4 {[%clk 1:30:00]} O-O {[%clk 1:29:00]} 6. d4 {[%clk
1:30:00]} dxc4 {[%clk 1:29:00]} 7. Qc2 {[%clk 1:30:00]} b5 {[%clk 1:29:00]} 8. a4
{[%clk 1:30:00]} Bb7 {[%clk 1:27:00]} 9. axb5 {[%clk 1:28:00]} a6 {[%clk
1:27:00]} 10. Nc3 {[%clk 1:22:00]} axb5 {[%clk 1:23:00]} 11. Rxa8 {[%clk
1:21:00]} Bxa8 {[%clk 1:23:00]} 12. Nxb5 {[%clk 1:21:00]} Nbd7 {[%clk 1:19:00]}
13. Qxc4 {[%clk 1:16:00]} c5 {[%clk 1:17:00]} 14. dxc5 {[%clk 1:08:00]} Bxc5
{[%clk 1:15:00]} 15. Nc3 {[%clk 0:58:00]} Qb8 {[%clk 1:02:00]} 16. Ng5 {[%clk
0:44:00]} Rc8 {[%clk 0:53:00]} 17. Qh4 {[%clk 0:40:00]} h6 {[%clk 0:42:00]} 18.
Nge4 {[%clk 0:38:00]} Nxe4 {[%clk 0:27:00]} 19. Bxe4 {[%clk 0:36:00]} Bxe4 {[%clk
0:18:00]} 20. Qxe4 {[%clk 0:33:00]} Qb6 {[%clk 0:14:02]} 21. Kg2 {[%clk 0:29:00]}
Bd4 {[%clk 0:09:55]} 22. Bd2 {[%clk 0:14:28]} Nf6 {[%clk 0:06:01]} 23. Qd3 {[%clk
0:12:48]} Ng4 {[%clk 0:04:50]} 24. e3 {[%clk 0:04:06]} Bf6 {[%clk 0:01:13]} 25.
Rb1 {[%clk 0:03:55]} Ne5 {[%clk 0:00:50]} 26. Qe4 {[%clk 0:02:44]} Nc4 {[%clk
0:00:45]} 27. Be1 {[%clk 0:00:57]} Qb3 {[%clk 0:00:32]} 28. Ne2 {[%clk 0:00:33]}
Nxb2 {[%clk 0:00:38]} 29. Nd4 {[%clk 0:00:39]} Bxd4 {[%clk 0:00:33]} 30. Qxd4
{[%clk 0:00:54]} Rc2 {[%clk 0:00:33]} 31. Qe4 {[%clk 0:00:46]} Qd5 {[%clk
0:00:33]} 32. Qxd5 {[%clk 0:01:01]} exd5 {[%clk 0:01:02]} 33. Kf3 {[%clk
0:00:53]} Nd3 {[%clk 0:00:32]} 34. Rd1 {[%clk 0:01:02]} Nxe1+ {[%clk 0:00:41]}
35. Rxe1 {[%clk 0:01:29]} Rd2 {[%clk 0:00:54]} 36. Re2 {[%clk 0:01:19]} Rd1
{[%clk 0:00:50]} 37. Rb2 {[%clk 0:01:27]} f6 {[%clk 0:00:32]} 38. Rb7 {[%clk
0:00:58]} Rd2 {[%clk 0:00:49]} 39. Rd7 {[%clk 0:01:06]} Kh7 {[%clk 0:00:58]} 40.
Kg2 {[%clk 0:01:17]} Kg6 {[%clk 0:01:10]} 41. Kf1 {[%clk 0:01:42]} Rc2 {[%clk
0:00:31]} 42. Rxd5 {[%clk 0:02:03]} h5 {[%clk 0:00:32]} 43. Kg2 {[%clk 0:02:15]}
Ra2 {[%clk 0:00:52]} 44. Kf3 {[%clk 0:02:21]} Rb2 {[%clk 0:00:58]} 45. h3 {[%clk
0:01:49]} Ra2 {[%clk 0:01:11]} 46. e4 {[%clk 0:01:02]} Rb2 {[%clk 0:01:35]} 47.
Ke3 {[%clk 0:01:00]} Ra2 {[%clk 0:01:18]} 48. Rd3 {[%clk 0:00:41]} Ra1 {[%clk
0:01:00]} 49. f4 {[%clk 0:00:45]} Rh1 {[%clk 0:00:55]} 50. h4 {[%clk 0:00:56]}
Ra1 {[%clk 0:00:44]} 51. f5+ {[%clk 0:00:36]} Kh6 {[%clk 0:00:41]} 52. Rd6 {[%clk
0:00:36]} Re1+ {[%clk 0:00:43]} 53. Kd4 {[%clk 0:00:42]} Kh7 {[%clk 0:00:52]} 54.
Ra6 {[%clk 0:00:46]} Rd1+ {[%clk 0:00:41]} 55. Ke3 {[%clk 0:00:50]} Re1+ {[%clk
0:00:48]} 56. Kf3 {[%clk 0:01:04]} Rf1+ {[%clk 0:00:59]} 57. Ke2 {[%clk 0:01:17]}
Rb1 {[%clk 0:01:13]} 58. Ra3 {[%clk 0:00:52]} Rc1 {[%clk 0:01:09]} 59. Re3 {[%clk
0:00:44]} Rc5 {[%clk 0:00:45]} 60. Kd3 {[%clk 0:00:42]} Ra5 {[%clk 0:01:02]} 61.
Ke2 {[%clk 0:00:37]} Rb5 {[%clk 0:01:23]} 62. Kd3 {[%clk 0:00:43]} Ra5 {[%clk
0:01:47]} 63. Kd4 {[%clk 0:00:56]} Re5 {[%clk 0:01:49]} 64. Rc3 {[%clk 0:00:43]}
Ra5 {[%clk 0:02:07]} 65. Ke3 {[%clk 0:00:38]} Rb5 {[%clk 0:02:27]} 66. Rd3 {[%clk
0:00:52]} Ra5 {[%clk 0:01:24]} 67. Rd5 {[%clk 0:00:57]} Ra3+ {[%clk 0:01:47]} 68.
Kf4 {[%clk 0:00:58]} Ra4 {[%clk 0:02:14]} 69. Rd3 {[%clk 0:00:46]} Rb4 {[%clk
0:02:18]} 70. g4 {[%clk 0:00:41]} hxg4 {[%clk 0:02:29]} 71. Rg3 {[%clk 0:01:02]}
Rb5 {[%clk 0:00:43]} 72. Rxg4 {[%clk 0:01:19]} Ra5 {[%clk 0:00:32]} 73. Rg6
{[%clk 0:00:39]} Ra1 {[%clk 0:00:52]} 74. Ke3 {[%clk 0:00:51]} Rb1 {[%clk
0:00:43]} 75. Kd4 {[%clk 0:01:01]} Rd1+ {[%clk 0:00:39]} 76. Kc5 {[%clk 0:00:51]}
Rd2 {[%clk 0:00:43]} 77. Kc4 {[%clk 0:00:37]} Rd1 {[%clk 0:00:52]} 78. Kc3 {[%clk
0:00:45]} Ra1 {[%clk 0:01:08]} 79. Rg4 {[%clk 0:00:39]} Rc1+ {[%clk 0:00:50]} 80.
Kd2 {[%clk 0:00:46]} Ra1 {[%clk 0:01:16]} 81. Ke3 {[%clk 0:00:37]} Re1+ {[%clk
0:01:31]} 82. Kf3 {[%clk 0:00:41]} Rf1+ {[%clk 0:01:33]} 83. Kg2 {[%clk 0:00:47]}
Re1 {[%clk 0:01:50]} 84. Rf4 {[%clk 0:00:40]} Kh6 {[%clk 0:01:50]} 85. Kf2 {[%clk
0:00:47]} Ra1 {[%clk 0:02:03]} 86. Rg4 {[%clk 0:01:03]} Kh7 {[%clk 0:02:07]} 87.
Kg2 {[%clk 0:01:16]} Re1 {[%clk 0:02:08]} 88. h5 {[%clk 0:00:37]} Kh6 {[%clk
0:02:11]} 89. Rg6+ {[%clk 0:00:40]} Kxh5 {[%clk 0:01:52]} 90. Kf3 {[%clk
0:00:34]} Rf1+ {[%clk 0:02:11]} 91. Ke3 {[%clk 0:00:36]} Re1+ {[%clk 0:02:30]}
92. Kd4 {[%clk 0:00:47]} Rd1+ {[%clk 0:02:55]} 93. Kc5 {[%clk 0:00:47]} Re1
{[%clk 0:03:06]} 94. Kd5 {[%clk 0:01:02]} Rd1+ {[%clk 0:02:29]} 95. Ke6 {[%clk
0:01:21]} Re1 {[%clk 0:02:29]} 96. Rxg7 {[%clk 0:01:21]} Rxe4+ {[%clk 0:02:29]}
97. Kxf6 {[%clk 0:01:21]} Kh6 {[%clk 0:02:29]} 98. Rg1 {[%clk 0:01:21]} Kh7
{[%clk 0:02:29]} 99. Kf7 {[%clk 0:01:21]} Kh6 {[%clk 0:02:29]} 100. f6 {[%clk
0:01:21]} Re5 {[%clk 0:02:29]} 101. Rh1+ {[%clk 0:01:21]} Kg5 {[%clk 0:02:29]}
102. Kg7 {[%clk 0:01:21]} Ra5 {[%clk 0:02:29]} 103. f7 {[%clk 0:01:21]} 1-0

[Event "Campeonato España Sub 18"]
[Site "Salobreña"]
[Date "2017.07.31"]
[Round "1"]
[White "Ros Alonso, Jaume"]
[Black "Lianes Garcia, Marcos"]
[Result "0-1"]
[Board "5"]
[WhiteClock "1:30"]
[WhiteElo "2006"]
[WhiteCountry "ESP"]
[WhiteFideId "32013418"]
[WhiteEloChange "-2"]
[BlackClock "1:30"]
[BlackTitle "FM"]
[BlackElo "2352"]
[BlackCountry "ESP"]
[BlackFideId "32060777"]
[BlackEloChange "2"]

1. e4 {[%clk 1:30:00]} c5 {[%clk 1:30:00]} 2. Nf3 {[%clk 1:31:00]} a6 {[%clk
1:30:00]} 3. Nc3 {[%clk 1:31:00]} e6 {[%clk 1:31:00]} 4. d4 {[%clk 1:31:00]} cxd4
{[%clk 1:31:00]} 5. Nxd4 {[%clk 1:31:00]} Bb4 {[%clk 1:32:00]} 6. Bd2 {[%clk
1:26:00]} d6 {[%clk 1:31:00]} 7. Bd3 {[%clk 1:24:00]} Nf6 {[%clk 1:31:00]} 8. Qe2
{[%clk 1:21:00]} e5 {[%clk 1:27:00]} 9. Nf3 {[%clk 1:14:00]} O-O {[%clk 1:25:00]}
10. O-O {[%clk 1:08:00]} Be6 {[%clk 1:14:00]} 11. Rfd1 {[%clk 1:01:00]} h6 {[%clk
1:07:00]} 12. Bc4 {[%clk 0:53:00]} Qc8 {[%clk 0:27:00]} 13. Bb3 {[%clk 0:46:00]}
Nc6 {[%clk 0:21:00]} 14. Nd5 {[%clk 0:37:00]} Bxd5 {[%clk 0:17:42]} 15. exd5
{[%clk 0:36:00]} Bxd2 {[%clk 0:17:36]} 16. dxc6 {[%clk 0:33:00]} Bb4 {[%clk
0:17:32]} 17. cxb7 {[%clk 0:23:00]} Qxb7 {[%clk 0:17:50]} 18. Nh4 {[%clk
0:23:00]} Rad8 {[%clk 0:12:24]} 19. Nf5 {[%clk 0:20:00]} Kh7 {[%clk 0:11:01]} 20.
Rd3 {[%clk 0:11:07]} g6 {[%clk 0:10:55]} 21. Nh4 {[%clk 0:07:23]} Qe4 {[%clk
0:08:19]} 22. Qxe4 {[%clk 0:06:02]} Nxe4 {[%clk 0:08:47]} 23. Bd5 {[%clk
0:04:06]} Nf6 {[%clk 0:07:49]} 24. Bc4 {[%clk 0:02:41]} a5 {[%clk 0:07:24]} 25.
Rad1 {[%clk 0:01:54]} Bc5 {[%clk 0:06:24]} 26. Rf3 {[%clk 0:01:09]} Kg7 {[%clk
0:06:20]} 27. h3 {[%clk 0:00:53]} Ne4 {[%clk 0:04:56]} 28. Bd5 {[%clk 0:00:44]}
f5 {[%clk 0:04:22]} 29. Kf1 {[%clk 0:00:41]} Rb8 {[%clk 0:04:26]} 30. b3 {[%clk
0:00:43]} Bd4 {[%clk 0:02:22]} 31. Bc4 {[%clk 0:00:33]} Rf6 {[%clk 0:01:50]} 32.
g3 {[%clk 0:00:33]} Nc3 {[%clk 0:01:47]} 33. Rxd4 {[%clk 0:00:35]} exd4 {[%clk
0:02:10]} 34. Rd3 {[%clk 0:00:57]} d5 {[%clk 0:02:10]} 0-1

[Event "Campeonato España Sub 18"]
[Site "Salobreña"]
[Date "2017.07.31"]
[Round "1"]
[White "Povill Claros, Xavier"]
[Black "Perez Perez , Gabriel"]
[Result "1-0"]
[Board "6"]
[WhiteClock "n/a"]
[WhiteTitle "FM"]
[WhiteElo "2337"]
[WhiteCountry "ESP"]
[WhiteFideId "32040512"]
[WhiteEloChange "3"]
[BlackClock "n/a"]
[BlackElo "2000"]
[BlackCountry "ESP"]
[BlackFideId "32089147"]
[BlackEloChange "-3"]

1. d4 {[%clk 1:30:30]} Nf6 {[%clk 1:30:30]} 2. c4 {[%clk 1:30:30]} g6 {[%clk
1:30:30]} 3. Nc3 {[%clk 1:30:30]} Bg7 {[%clk 1:30:30]} 4. e4 {[%clk 1:30:30]} d6
{[%clk 1:30:30]} 5. Nf3 {[%clk 1:30:30]} O-O {[%clk 1:30:30]} 6. h3 {[%clk
1:30:30]} c5 {[%clk 1:30:30]} 7. d5 {[%clk 1:30:30]} e6 {[%clk 1:30:30]} 8. Bd3
{[%clk 1:30:30]} exd5 {[%clk 1:30:30]} 9. exd5 {[%clk 1:30:30]} Re8+ {[%clk
1:30:30]} 10. Be3 {[%clk 1:30:30]} Nbd7 {[%clk 1:30:30]} 11. O-O {[%clk 1:30:30]}
Nh5 {[%clk 1:30:30]} 12. Qd2 {[%clk 1:30:30]} Ne5 {[%clk 1:30:30]} 13. Be2 {[%clk
1:30:30]} Bd7 {[%clk 1:30:30]} 14. Ng5 {[%clk 1:30:30]} Qe7 {[%clk 1:30:30]} 15.
Rae1 {[%clk 1:30:30]} Bc8 {[%clk 1:30:30]} 16. Bxh5 {[%clk 1:30:30]} Nxc4 {[%clk
1:30:30]} 17. Qe2 {[%clk 1:30:30]} Nxe3 {[%clk 1:30:30]} 18. Qxe3 {[%clk
1:30:30]} Qxe3 {[%clk 1:30:30]} 19. fxe3 {[%clk 1:30:30]} gxh5 {[%clk 1:30:30]}
20. Nxf7 {[%clk 1:30:30]} b6 {[%clk 1:30:30]} 21. Nxd6 {[%clk 1:30:30]} Rd8
{[%clk 1:30:30]} 22. Nxc8 {[%clk 1:30:30]} Raxc8 {[%clk 1:30:30]} 23. Rf5 {[%clk
1:30:30]} h4 {[%clk 1:30:30]} 24. e4 {[%clk 1:30:30]} Bd4+ {[%clk 1:30:30]} 25.
Kh1 {[%clk 1:30:30]} Rd7 {[%clk 1:30:30]} 26. Rf4 {[%clk 1:30:30]} Kh8 {[%clk
1:30:30]} 27. Re2 {[%clk 1:30:30]} Re8 {[%clk 1:30:30]} 28. Rxh4 {[%clk 1:30:30]}
Rf7 {[%clk 1:30:30]} 29. g3 {[%clk 1:30:30]} Rf1+ {[%clk 1:30:30]} 30. Kg2 {[%clk
1:30:30]} Ref8 {[%clk 1:30:30]} 31. Rf4 {[%clk 1:30:30]} R1xf4 {[%clk 1:30:30]}
32. gxf4 {[%clk 1:30:30]} Rxf4 {[%clk 1:30:30]} 33. e5 {[%clk 1:30:30]} Kg8
{[%clk 1:30:30]} 34. e6 {[%clk 1:30:30]} Kf8 {[%clk 1:30:30]} 35. e7+ {[%clk
1:30:30]} Ke8 {[%clk 1:30:30]} 36. d6 {[%clk 1:30:30]} 1-0

[Event "Campeonato España Sub 18"]
[Site "Salobreña"]
[Date "2017.07.31"]
[Round "1"]
[White "Rodriguez Mellado, Antonio"]
[Black "Plazuelo Pascual, Juan"]
[Result "0-1"]
[Board "7"]
[WhiteClock "1:30"]
[WhiteElo "1997"]
[WhiteCountry "ESP"]
[WhiteFideId "22243038"]
[WhiteEloChange "-3"]
[BlackClock "1:30"]
[BlackTitle "FM"]
[BlackElo "2334"]
[BlackCountry "ESP"]
[BlackFideId "32059566"]
[BlackEloChange "3"]

1. e4 {[%clk 1:30:00]} e6 {[%clk 1:30:00]} 2. d4 {[%clk 1:31:00]} d5 {[%clk
1:31:00]} 3. Nd2 {[%clk 1:31:00]} Be7 {[%clk 1:31:00]} 4. Ngf3 {[%clk 1:32:00]}
Nf6 {[%clk 1:31:00]} 5. e5 {[%clk 1:32:00]} Nfd7 {[%clk 1:31:00]} 6. Bd3 {[%clk
1:32:00]} c5 {[%clk 1:32:00]} 7. c3 {[%clk 1:33:00]} Nc6 {[%clk 1:32:00]} 8. O-O
{[%clk 1:33:00]} g5 {[%clk 1:33:00]} 9. g4 {[%clk 1:30:00]} h5 {[%clk 1:30:00]}
10. h3 {[%clk 1:28:00]} hxg4 {[%clk 1:28:00]} 11. hxg4 {[%clk 1:28:00]} Qb6
{[%clk 1:13:00]} 12. Qa4 {[%clk 1:19:00]} cxd4 {[%clk 1:10:00]} 13. cxd4 {[%clk
1:19:00]} a6 {[%clk 1:10:00]} 14. a3 {[%clk 0:58:00]} Qa7 {[%clk 1:09:00]} 15. b4
{[%clk 0:54:00]} Nxd4 {[%clk 1:01:00]} 16. Bb2 {[%clk 0:55:00]} b5 {[%clk
0:58:00]} 17. Qd1 {[%clk 0:53:00]} Nc6 {[%clk 0:56:00]} 18. Nb3 {[%clk 0:47:00]}
Bb7 {[%clk 0:54:00]} 19. Nbd4 {[%clk 0:19:48]} Ncxe5 {[%clk 0:33:00]} 20. Qe2
{[%clk 0:03:28]} Qb8 {[%clk 0:27:00]} 21. Kg2 {[%clk 0:02:06]} Nxd3 {[%clk
0:27:00]} 22. Qxd3 {[%clk 0:02:19]} Qf4 {[%clk 0:27:00]} 23. Ne2 {[%clk 0:01:22]}
Qxg4+ {[%clk 0:27:00]} 24. Ng3 {[%clk 0:01:43]} Qh3+ {[%clk 0:25:00]} 25. Kg1
{[%clk 0:02:08]} d4 {[%clk 0:26:00]} 26. Rfe1 {[%clk 0:02:01]} g4 {[%clk
0:25:00]} 27. Qxd4 {[%clk 0:02:20]} Bf6 {[%clk 0:25:00]} 28. Rxe6+ {[%clk
0:00:39]} fxe6 {[%clk 0:25:00]} 29. Qd6 {[%clk 0:00:50]} gxf3 {[%clk 0:25:00]}
0-1

[Event "Campeonato España Sub 18"]
[Site "Salobreña"]
[Date "2017.07.31"]
[Round "1"]
[White "Lopez Mulet, Inigo"]
[Black "Comellas Martos, Lidia"]
[Result "1-0"]
[Board "8"]
[WhiteClock "1:30"]
[WhiteTitle "FM"]
[WhiteElo "2327"]
[WhiteCountry "ESP"]
[WhiteFideId "22235620"]
[WhiteEloChange "2"]
[BlackClock "1:30"]
[BlackElo "1987"]
[BlackCountry "ESP"]
[BlackFideId "32079460"]
[BlackEloChange "-2"]

1. d4 {[%clk 1:30:00]} Nf6 {[%clk 1:30:00]} 2. c4 {[%clk 1:31:00]} e6 {[%clk
1:30:00]} 3. g3 {[%clk 1:31:00]} d5 {[%clk 1:31:00]} 4. Bg2 {[%clk 1:31:00]} Be7
{[%clk 1:31:00]} 5. Nf3 {[%clk 1:31:00]} O-O {[%clk 1:31:00]} 6. Nbd2 {[%clk
1:29:00]} Nbd7 {[%clk 1:30:00]} 7. O-O {[%clk 1:29:00]} c6 {[%clk 1:30:00]} 8.
Qc2 {[%clk 1:29:00]} b6 {[%clk 1:30:00]} 9. e4 {[%clk 1:29:00]} Bb7 {[%clk
1:29:00]} 10. e5 {[%clk 1:28:00]} Ne8 {[%clk 1:29:00]} 11. cxd5 {[%clk 1:27:00]}
cxd5 {[%clk 1:28:00]} 12. Re1 {[%clk 1:27:00]} Rc8 {[%clk 1:28:00]} 13. Qb3
{[%clk 1:26:00]} Qc7 {[%clk 1:26:00]} 14. Bf1 {[%clk 1:22:00]} Qc2 {[%clk
1:19:00]} 15. Qe3 {[%clk 1:21:00]} Nb8 {[%clk 1:17:00]} 16. Bd3 {[%clk 1:21:00]}
Qa4 {[%clk 1:14:00]} 17. Nb1 {[%clk 1:05:00]} Ba6 {[%clk 1:10:00]} 18. Nc3 {[%clk
1:04:00]} Qd7 {[%clk 1:09:00]} 19. Bb1 {[%clk 1:01:00]} Nc6 {[%clk 1:01:00]} 20.
h4 {[%clk 0:53:00]} Nc7 {[%clk 0:55:00]} 21. Ng5 {[%clk 0:41:00]} g6 {[%clk
0:42:00]} 22. Kg2 {[%clk 0:17:36]} Rfd8 {[%clk 0:29:00]} 23. Rh1 {[%clk 0:08:35]}
Re8 {[%clk 0:23:00]} 24. Nxh7 {[%clk 0:07:17]} Kxh7 {[%clk 0:20:00]} 25. h5
{[%clk 0:07:41]} Rh8 {[%clk 0:17:49]} 26. hxg6+ {[%clk 0:07:52]} Kg7 {[%clk
0:18:10]} 27. Rh6 {[%clk 0:04:50]} f5 {[%clk 0:15:14]} 28. Bd2 {[%clk 0:03:04]}
Bf8 {[%clk 0:12:57]} 29. Rxh8 {[%clk 0:01:05]} Kxh8 {[%clk 0:13:20]} 30. Bc2
{[%clk 0:01:13]} Qg7 {[%clk 0:10:38]} 31. Qg5 {[%clk 0:00:44]} Qe7 {[%clk
0:07:01]} 32. Qh5+ {[%clk 0:00:39]} Kg8 {[%clk 0:07:22]} 33. Bg5 {[%clk 0:00:36]}
Qd7 {[%clk 0:06:35]} 34. Bf6 {[%clk 0:00:37]} Bg7 {[%clk 0:06:44]} 35. Qh7+
{[%clk 0:00:59]} Kf8 {[%clk 0:07:09]} 36. Rh1 {[%clk 0:00:59]} 1-0